[Event "AUTO-ADV-4458"]
[Site "http://www.queenalice.com/game.php?id=1641971"]
[Date "2021.1.30"]
[Round "1"]
[White "leo2dipikke"]
[Black "DAlessandro"]
[Result "1-0"]
[WhiteElo "1816"]
[BlackElo "1768"]

1. e4 c5 2. Nf3 Nc6 3. Bc4 e6 4. Nc3 a6 5. a3 d6 6. d3 Be7 7. O-O Nf6 8. Re1 O-O
9. e5 dxe5 10. Nxe5 Nxe5 11. Rxe5 b5 12. Ba2 Qd4 13. Qe2 Bd6 14. Re3 Bb7 15. Rh3
Qg4 16. f3 Qg6 17. Be3 e5 18. Qf2 e4 19. Nxe4 Nxe4 20. fxe4 Bc8 21. Rh4 Be7 22.
Bd5 Rb8 23. Bxc5 Bxh4 24. g3 Rd8 25. Qf4 Bg5 26. Qxb8 Bh3 27. Qb6 Qh5 28. Kf2
Qg4 29. Re1 Qc8 30. Bb7 Qe6 31. Qxe6 Bxe6 32. Bxa6 Bf6 33. e5 Bg5 34. Bxb5 Rd5
35. d4 1-0

[Event "AUTO-ADV-4458"]
[Site "http://www.queenalice.com/game.php?id=1641984"]
[Date "2021.1.30"]
[Round "1"]
[White "leo2dipikke"]
[Black "maurice91"]
[Result "0-1"]
[WhiteElo "1834"]
[BlackElo "1882"]

1. e4 c6 2. d4 d5 3. Nc3 dxe4 4. Be3 f5 5. f3 Nf6 6. f4 e6 7. h3 Nbd7 8. g3 Nb6
9. a3 Be7 10. Bc4 Nxc4 11. Qc1 Nxe3 12. Qxe3 Nd5 13. Nxd5 exd5 14. c3 Qb6 15. b4
a5 16. Ne2 axb4 17. O-O bxa3 18. Rfb1 Qa5 19. Nc1 Qa4 20. Ra2 Qd1+ 0-1

[Event "AUTO-ADV-4458"]
[Site "http://www.queenalice.com/game.php?id=1641985"]
[Date "2021.1.30"]
[Round "1"]
[White "maurice91"]
[Black "leo2dipikke"]
[Result "1-0"]
[WhiteElo "1913"]
[BlackElo "1830"]

1. d4 d5 2. Nf3 Nf6 3. Bf4 e6 4. Nbd2 Nc6 5. e3 Be7 6. c3 O-O 7. Bd3 Bd6 8. Ne5
Ne4 9. Nxe4 dxe4 10. Bxe4 Nxe5 11. dxe5 Be7 12. Qc2 g6 13. Rd1 Qe8 14. Bh6 c6
15. O-O f5 16. Bxf8 Bxf8 17. Bd3 b5 18. f4 Bc5 19. Rfe1 a5 20. Kh1 a4 21. e4 Bb7
22. exf5 exf5 23. b3 a3 24. b4 Be7 25. c4 bxc4 26. Bxc4+ Kg7 27. Qc3 c5 28. b5
Bh4 29. Re3 Bf2 30. e6+ 1-0

[Event "AUTO-ADV-4458"]
[Site "http://www.queenalice.com/game.php?id=1641986"]
[Date "2021.1.30"]
[Round "1"]
[White "leo2dipikke"]
[Black "rodrigofortes"]
[Result "1-0"]
[WhiteElo "1838"]
[BlackElo "1732"]

1. e4 c5 2. Nf3 d6 3. d4 cxd4 4. Nxd4 e5 5. Nf3 Nf6 6. Nc3 a6 7. Bc4 b5 8. Bb3
Bb7 9. O-O b4 10. Nd5 Nc6 11. Nxf6+ Qxf6 12. Ng5 Nd8 13. Re1 h6 14. Nf3 Nc6 15.
Qd5 Rb8 16. Ba4 Rc8 17. Bd2 Be7 18. Bxb4 O-O 19. Rad1 Nxb4 20. Qxb7 Nxa2 21. Qb3
Qe6 22. Rd5 Rxc2 23. Qxc2 Nb4 24. Qb3 Nxd5 25. exd5 Qg4 26. Qb7 Qxa4 27. Qxe7
Re8 28. Qxd6 f6 29. Qc5 Kf7 30. Rc1 e4 31. Nd4 Re7 32. Nf5 Re5 33. Qc7+ Kg6 34.
Nh4+ Kg5 35. g3 e3 36. Qxg7+ Kh5 37. Qf7+ Kg4 38. f3+ Kh3 39. f4 Re4 40. Qxf6
Qd7 41. Nf5 Kg4 42. Qg6+ Kf3 43. Qh5# 1-0

[Event "AUTO-ADV-4458"]
[Site "http://www.queenalice.com/game.php?id=1641987"]
[Date "2021.1.30"]
[Round "1"]
[White "rodrigofortes"]
[Black "leo2dipikke"]
[Result "0-1"]
[WhiteElo "1727"]
[BlackElo "1838"]

1. e4 c5 2. Nf3 d6 3. d4 cxd4 4. Qxd4 Nc6 5. Qc3 Nf6 6. Bb5 Bd7 7. Bxc6 Bxc6 8.
Nbd2 g6 9. b3 Bg7 10. Nc4 O-O 11. Nfd2 Nxe4 12. Qb4 a5 13. Qb6 Bxa1 14. Qxd8
Raxd8 15. Nxa5 Bc3 16. f3 Bxd2+ 17. Bxd2 Nxd2 18. Kxd2 Bd5 19. c4 Be6 20. Nxb7
Ra8 21. a4 Rfb8 22. c5 Rxb7 23. c6 Rxb3 24. Ra1 Rb2+ 25. Kc3 Rab8 26. Ra3 R2b3+
27. Rxb3 Rxb3+ 28. Kc2 Ra3 0-1

[Event "AUTO-ADV-4457"]
[Site "http://www.queenalice.com/game.php?id=1762203"]
[Date "2021.6.15"]
[Round "2"]
[White "leo2dipikke"]
[Black "maurice91"]
[Result "1-0"]
[WhiteElo "1896"]
[BlackElo "1937"]

1. e4 c6 2. d4 d5 3. Nc3 dxe4 4. Be3 f5 5. Bc4 Nf6 6. a3 Nd5 7. Nxd5 cxd5 8. Bb3
e6 9. c4 Nc6 10. cxd5 exd5 11. Nh3 Be7 12. Nf4 Bg5 13. Qh5+ Kf8 14. Ng6+ Kg8 15.
Bxg5 Qa5+ 16. Bd2 hxg6 17. Qxh8+ Kxh8 18. Bxa5 Nxa5 19. Bxd5 Rb8 20. O-O Nc6 21.
Rfe1 Nxd4 22. Rad1 Nc2 23. Re2 Nxa3 24. bxa3 Bd7 25. Bf7 Kh7 26. Rxd7 1-0

[Event "AUTO-ADV-4457"]
[Site "http://www.queenalice.com/game.php?id=1762204"]
[Date "2021.6.15"]
[Round "2"]
[White "maurice91"]
[Black "leo2dipikke"]
[Result "0-1"]
[WhiteElo "1825"]
[BlackElo "1914"]

1. d4 d5 2. Nf3 e6 3. Bf4 Nf6 4. Nbd2 Bd6 5. e3 O-O 6. Bd3 Nc6 7. O-O Bxf4 8.
exf4 Qd6 9. g3 Nb4 10. Be2 c5 11. c3 Nc6 12. dxc5 Qxc5 13. Nb3 Qb6 14. Rc1 Bd7
15. c4 dxc4 16. Rxc4 Rad8 17. Qc2 Nb4 18. Qb1 Nbd5 19. Rcc1 Bc6 20. Rfd1 Ne4 21.
Nbd4 Ndf6 22. Nxc6 bxc6 23. Rf1 Nd2 24. Nxd2 Rxd2 25. Rc2 Ne4 26. Bf3 Rxc2 27.
Qxc2 Nf6 28. Qxc6 Qxb2 29. Qa6 Qb8 30. Rc1 h6 31. Bb7 Rd8 32. Rc8 Rxc8 33. Bxc8
Qb6 34. Bb7 Qxa6 35. Bxa6 Nd5 36. Kg2 Nb4 37. Bc4 a5 38. Kf3 Kf8 39. Ke4 Ke7 40.
Kd4 Kd6 41. a4 f5 42. f3 Nc6+ 43. Kc3 e5 44. fxe5+ Nxe5 45. Be2 g5 46. h3 Kc5
47. g4 f4 48. Bd1 Nc6 49. Bb3 Nb4 50. Bf7 Nc6 51. Bg6 Ne5 52. Be4 Nc4 53. Bd3
Nb6 54. Bc2 Nd5+ 55. Kd3 Nb4+ 56. Kc3 Nxc2 57. Kxc2 Kb4 58. Kb2 Kxa4 59. Ka2 Kb4
60. Kb2 a4 61. Ka2 a3 62. Kb1 Kc3 63. Ka2 Kd3 64. Kxa3 Ke3 65. Kb3 Kxf3 0-1

[Event "Let's Play Chess!"]
[Site "http://www.queenalice.com/game.php?id=1832825"]
[Date "2024.3.8"]
[Round "-"]
[White "Charlie"]
[Black "leo2dipikke"]
[Result "1-0"]
[WhiteElo "1864"]
[BlackElo "1860"]

1. e4 c5 2. Nf3 d6 3. a4 Nf6 4. Nc3 e6 5. Bb5+ Bd7 6. Bxd7+ Nbxd7 7. O-O Be7 8.
d3 a6 9. Bg5 h6 10. Bf4 e5 11. Be3 Ng4 12. Bd2 O-O 13. a5 f5 14. Nd5 fxe4 15.
dxe4 Ngf6 16. Bc3 Kh8 17. Nxe7 Qxe7 18. Nh4 Qf7 19. Re1 d5 20. exd5 Nxd5 21. f3
Nxc3 22. bxc3 g5 23. Ng6+ Qxg6 24. Qxd7 Rad8 25. Qxb7 Rd2 26. Qe4 Qxe4 27. Rxe4
Rxc2 28. Rc4 Rd8 29. Rxc5 Rdd2 30. Rc8+ Kg7 31. Rc7+ Kg6 32. Rc6+ Kh5 33. g4+
Kh4 34. Rxh6# 1-0

[Event "AUTO-ADV-4772"]
[Site "http://www.queenalice.com/game.php?id=1832873"]
[Date "2024.3.6"]
[Round "1"]
[White "leo2dipikke"]
[Black "SGF"]
[Result "1-0"]
[WhiteElo "1913"]
[BlackElo "1649"]

1. e4 e5 2. Nf3 Qf6 3. Nc3 c6 4. Bc4 b5 5. Bb3 a5 6. a4 b4 7. Ne2 d6 8. d3 h6 9.
Ng3 Bg4 10. O-O h5 11. Bg5 Qg6 12. Be3 h4 13. Nf5 Bxf5 14. exf5 Qxf5 15. Ng5 d5
16. Qf3 Qxf3 17. Nxf3 Be7 18. Nxe5 Nf6 19. Rfe1 h3 20. Nf3 hxg2 21. Bc5 Ne4 22.
dxe4 Bxc5 23. exd5+ Be7 24. d6 Ra7 25. Rxe7+ Rxe7 26. dxe7 Kxe7 27. Re1+ Kf8 28.
Ng5 f6 29. Ne6+ Kf7 30. Nf4+ Kf8 31. Ng6# 1-0

[Event "AUTO-ADV-4772"]
[Site "http://www.queenalice.com/game.php?id=1832874"]
[Date "2024.3.6"]
[Round "1"]
[White "SGF"]
[Black "leo2dipikke"]
[Result "0-1"]
[WhiteElo "1638"]
[BlackElo "1918"]

1. e4 e5 2. Qf3 Nc6 3. c3 Nf6 4. d3 d6 5. Be2 Be7 6. Qg3 Be6 7. Qxg7 Rg8 8. Qh6
Rg6 9. Qe3 Qd7 10. g3 O-O-O 11. b4 Rdg8 12. b5 Nb8 13. Qxa7 Qxb5 14. a4 Qb6 15.
Be3 Qxa7 16. Bxa7 Nc6 17. Be3 d5 18. a5 d4 19. Bd2 Kd7 20. a6 Ra8 21. cxd4 exd4
22. e5 Nd5 23. Bf3 Rxa6 24. Rxa6 bxa6 25. Ne2 Nxe5 26. Bxd5 Bxd5 27. O-O Nf3+
28. Kg2 Nxd2+ 29. f3 Nxf1 30. Kxf1 Bxf3 31. Nxd4 Bd5 32. Nc3 Rf6+ 33. Ke2 Bb7
34. h4 Bb4 35. Ne4 Bxe4 36. dxe4 Rd6 37. Nf5 Rd2+ 38. Ke3 a5 39. Nd4 a4 40. Nb5
c6 41. Na3 c5 42. Nc4 Rd4 43. Ne5+ Kc7 44. Nxf7 a3 45. h5 a2 46. Ng5 Kd7 47.
Nxh7 a1=Q 48. Nf6+ Ke6 49. Ng4 Bd2+ 50. Kf3 Qf1+ 51. Nf2 Rd3+ 52. Kg4 Qxf2 53.
h6 Rxg3+ 54. Kh5 Qh2# 0-1

[Event "AUTO-ADV-4772"]
[Site "http://www.queenalice.com/game.php?id=1832875"]
[Date "2024.3.6"]
[Round "1"]
[White "leo2dipikke"]
[Black "Daniel1962"]
[Result "0-1"]
[WhiteElo "1923"]
[BlackElo "1741"]

1. e4 e5 2. Nf3 d6 3. Nc3 Nc6 4. Bc4 Bg4 5. d3 Nd4 6. Nxe5 dxe5 7. Qxg4 Nxc2+ 8.
Kd2 Nxa1 9. Qh5 Qf6 10. f3 O-O-O 11. Qg4+ Kb8 12. a3 Qf4+ 13. Qxf4 exf4 14. b3
Bc5 15. Nd5 Nf6 16. Bb2 Be3+ 17. Nxe3 fxe3+ 18. Kc3 Nxb3 19. Kxb3 Nd7 20. Bd4 c5
21. Bxe3 Ka8 22. Kc3 Ne5 23. Bxc5 Nxc4 24. dxc4 Rc8 25. Bd4 f6 26. Rb1 Rc7 27.
a4 Rhc8 28. c5 Rc6 29. a5 a6 30. Kb4 h5 31. h4 g5 32. hxg5 fxg5 33. Rh1 h4 34.
Rh3 Rd8 35. Kc4 Rc7 36. f4 Rcd7 37. Rd3 gxf4 0-1

[Event "AUTO-ADV-4772"]
[Site "http://www.queenalice.com/game.php?id=1832876"]
[Date "2024.3.6"]
[Round "1"]
[White "Daniel1962"]
[Black "leo2dipikke"]
[Result "1-0"]
[WhiteElo "1764"]
[BlackElo "1897"]

1. d4 d5 2. Nc3 e6 3. Bf4 Bd6 4. Bxd6 Qxd6 5. Nf3 Nf6 6. Nb5 Qb4+ 7. Nc3 Ne4 8.
a3 Nxc3 9. bxc3 Qxc3+ 10. Nd2 Nc6 11. e3 b6 12. Bb5 Bd7 13. O-O Ne5 14. Bxd7+
Nxd7 15. Nb3 O-O 16. Qe2 a5 17. a4 Nf6 18. Rfc1 Qc6 19. c4 Qd6 20. c5 bxc5 21.
Nxc5 Rac8 22. Nb7 Qe7 23. Nxa5 Nd7 24. Nc6 Qf6 25. Qb2 Nb6 26. Qb4 Nc4 27. Ne7+
Kh8 28. Nxc8 Rxc8 29. Qb7 Qd8 30. a5 h6 31. a6 Nb6 32. Ra5 Nc4 33. Ra2 Nb6 34.
Rac2 Nc4 35. a7 Kh7 36. h3 f6 37. Qb1 Ra8 38. Rxc4+ 1-0

[Event "AUTO-ADV-4772"]
[Site "http://www.queenalice.com/game.php?id=1832877"]
[Date "2024.3.6"]
[Round "1"]
[White "leo2dipikke"]
[Black "maurice916"]
[Result "0-1"]
[WhiteElo "1878"]
[BlackElo "1821"]

1. e4 c6 2. d4 d5 3. Nc3 dxe4 4. Nxe4 Nf6 5. Ng3 Bg4 6. f3 Bh5 7. Nxh5 Nxh5 8.
c3 g6 9. Bd3 Bg7 10. Ne2 O-O 11. O-O e5 12. dxe5 Bxe5 13. f4 Bg7 14. Qc2 Nd7 15.
Bd2 Nc5 16. Rf3 Nxd3 17. Rxd3 Qc7 18. Rf1 Nf6 19. f5 Ne4 20. Bf4 Qb6+ 21. Be3
Qa6 22. a3 Nf6 23. Kh1 Nd5 24. Bd4 Bxd4 25. cxd4 Rae8 26. fxg6 fxg6 27. Rxf8+
Rxf8 28. Kg1 Qb6 29. Rb3 Qc7 30. Qc4 Qe7 31. Rf3 Rxf3 32. gxf3 Qg5+ 33. Kh1 Kg7
34. Qb3 Qe7 35. Qd3 Qe3 36. Qxe3 Nxe3 37. Nf4 Kf6 38. b4 Kf5 39. Nd3 Nc2 40. Kg2
Nxd4 41. h3 g5 42. Nf2 h5 43. Ne4 Ne6 44. Nd6+ Ke5 45. Nxb7 Nd8 46. Nc5 Kd4 47.
Kg3 a5 48. Ne4 axb4 49. axb4 Ne6 50. Nf6 h4+ 51. Kg4 Kc4 52. Ne4 Kxb4 53. Nxg5
Nxg5 54. Kxg5 c5 0-1

[Event "AUTO-ADV-4772"]
[Site "http://www.queenalice.com/game.php?id=1832878"]
[Date "2024.3.6"]
[Round "1"]
[White "maurice916"]
[Black "leo2dipikke"]
[Result "1-0"]
[WhiteElo "1836"]
[BlackElo "1902"]

1. Nf3 d5 2. e3 Nc6 3. d4 Nf6 4. c4 e6 5. Nc3 Be7 6. cxd5 exd5 7. Bb5 Bd7 8.
Bxc6 Bxc6 9. O-O O-O 10. a3 Re8 11. b4 b6 12. b5 Bb7 13. Bb2 Bd6 14. a4 Bb4 15.
Qb3 Bxc3 16. Bxc3 Ne4 17. Bb4 a5 18. Ba3 Kh8 19. Ne5 Kg8 20. Qc2 f6 21. Nc6 Qd7
22. Rac1 Bxc6 23. Qxc6 Qxc6 24. Rxc6 Rac8 25. Rfc1 Nd6 26. Rxc7 Rxc7 27. Rxc7
Nc4 28. Bc1 h5 29. Rd7 1-0

[Event "AUTO-OPEN-4514"]
[Site "http://www.queenalice.com/game.php?id=1833007"]
[Date "2024.3.9"]
[Round "1"]
[White "chessman"]
[Black "leo2dipikke"]
[Result "1-0"]
[WhiteElo "1947"]
[BlackElo "1844"]

1. e4 c5 2. Nf3 d6 3. Bb5+ Bd7 4. Bxd7+ Nxd7 5. O-O Ngf6 6. Re1 e5 7. c3 Be7 8.
d4 O-O 9. d5 Qb6 10. c4 h6 11. Nc3 a6 12. h3 Qc7 13. Be3 Nb6 14. b3 Qd7 15. Qd3
Rae8 16. Rad1 Nh5 17. a3 f5 18. exf5 Rxf5 19. Bxc5 Nf4 20. Qe3 dxc5 21. Nxe5 Qd8
22. Qe4 Ref8 23. d6 Nxh3+ 24. gxh3 Bxd6 25. Ng4 Rf4 26. Qe6+ Kh7 27. Rxd6 Qg5
28. Rxb6 R8f6 29. Qxf6 Rxf6 30. Rxf6 gxf6 31. Kf1 Qd2 32. Nxf6+ Kg6 33. Nce4
Qd3+ 34. Kg2 b6 35. Re3 Qd8 36. Kg3 Qc7+ 37. Kg2 Qe5 38. Rg3+ Kf7 39. Rf3 Qb2
40. Nd5+ Ke6 41. a4 h5 42. Nf4+ Kd7 43. Nxh5 Qc2 44. Nhf6+ Ke6 45. h4 Qc1 46. h5
Qh6 47. Rd3 Qg7+ 48. Rg3 Qh6 49. Rg6 Qc1 50. h6 Kf5 51. Rg5+ Ke6 52. h7 1-0

[Event "AUTO-OPEN-4514"]
[Site "http://www.queenalice.com/game.php?id=1833029"]
[Date "2024.3.9"]
[Round "1"]
[White "Equiferus"]
[Black "leo2dipikke"]
[Result "1-0"]
[WhiteElo "1781"]
[BlackElo "1851"]

1. d4 d5 2. e4 e6 3. Nc3 c5 4. Be3 c4 5. e5 Qb6 6. Na4 Qb4+ 7. c3 Qb5 8. b3 Bd7
9. Nf3 f6 10. Be2 g5 11. h3 Qc6 12. O-O b5 13. Nc5 Bxc5 14. g4 Be7 15. b4 h5 16.
Kg2 h4 17. Nd2 fxe5 18. f3 e4 19. f4 Qd6 20. Qe1 gxf4 21. Rxf4 Nf6 22. g5 Rg8
23. Rxh4 Nc6 24. Qg3 O-O-O 25. Bf4 e5 26. dxe5 Qe6 27. Kh2 Qf7 28. exf6 Bxf6 29.
Rf1 Qg7 30. Rh5 Rde8 31. h4 Be5 32. Bxe5 Qxe5 33. Rg1 Qxg3+ 34. Rxg3 Ref8 35.
Kg1 Rf4 36. Kg2 Ne5 37. Nf1 Rgf8 38. g6 Rf2+ 39. Kg1 Rxe2 40. Rxe5 Ref2 41. Ne3
R2f3 42. Rxf3 exf3 43. g7 Rg8 44. Rg5 Be6 45. h5 Kd7 46. h6 1-0

[Event "AUTO-OPEN-4514"]
[Site "http://www.queenalice.com/game.php?id=1833030"]
[Date "2024.3.9"]
[Round "1"]
[White "leo2dipikke"]
[Black "Equiferus"]
[Result "1-0"]
[WhiteElo "1837"]
[BlackElo "1795"]

1. e4 d5 2. exd5 Qxd5 3. Nc3 Qa5 4. d4 e5 5. Qe2 Bd6 6. Bd2 Bd7 7. Nf3 Nc6 8.
Ne4 Bb4 9. c3 Be7 10. b4 Qb6 11. Nc5 O-O-O 12. Nxd7 Rxd7 13. dxe5 a6 14. Be3 Qb5
15. Qxb5 axb5 16. Bxb5 Rd8 17. O-O Nb8 18. Bc4 f6 19. exf6 Bxf6 20. Rad1 Re8 21.
Bd4 Nc6 22. Bxf6 Nxf6 23. Rfe1 Ne4 24. Rd3 h6 25. Rde3 g5 26. Rxe4 Rd8 27. Nd4
Na7 28. Be6+ Kb8 29. Bf7 Kc8 30. Re8 Kd7 31. R8e7+ Kc8 32. Be6+ Kb8 33. Bd7 c6
34. Re8 Kc7 35. Rxd8 Kxd8 36. Bf5 Rf8 37. Ne6+ Ke7 38. Nxf8+ Kxf8 39. Bd7 Kf7
40. c4 g4 41. Re8 h5 42. Ra8 1-0

[Event "AUTO-OPEN-4514"]
[Site "http://www.queenalice.com/game.php?id=1833044"]
[Date "2024.3.9"]
[Round "1"]
[White "TammieM3ENF"]
[Black "leo2dipikke"]
[Result "0-1"]
[WhiteElo "1121"]
[BlackElo "1876"]

1. d4 d5 2. Nf3 e6 3. e3 Nf6 4. g4 Nc6 5. h4 Nxg4 6. h5 h6 7. Rg1 Nf6 8. c4 Bb4+
9. Nfd2 Ne4 10. a3 Qf6 11. f4 Qh4+ 12. Ke2 Qf2+ 13. Kd3 Qxg1 14. axb4 Nxb4+ 15.
Ke2 Ng3+ 16. Kf3 Nh1 17. cxd5 exd5 18. b3 Bg4# 0-1

[Event "Challenge"]
[Site "http://www.queenalice.com/game.php?id=1833403"]
[Date "2024.3.14"]
[Round "-"]
[White "jogo"]
[Black "leo2dipikke"]
[Result "1-0"]
[WhiteElo "2003"]
[BlackElo "1832"]

1. e4 c5 2. Nf3 d6 3. Bb5+ Nc6 4. h3 Bd7 5. c3 a6 6. Bc4 e5 7. d4 exd4 8. cxd4
f6 9. O-O Qc7 10. a4 Na5 11. Ba2 c4 12. Bf4 g5 13. Nxg5 O-O-O 14. Nf7 Bg7 15.
Nc3 Ne7 16. Bxd6 Qb6 17. Bxe7 Rde8 18. Bc5 Qxb2 19. Qc1 Qxc1 20. Raxc1 b6 21.
Bxb6 Re6 22. Bxa5 1-0

[Event "Challenge"]
[Site "http://www.queenalice.com/game.php?id=1833404"]
[Date "2024.3.14"]
[Round "-"]
[White "leo2dipikke"]
[Black "jogo"]
[Result "1/2-1/2"]
[WhiteElo "1823"]
[BlackElo "2186"]

1. e4 e5 2. Nf3 Nf6 3. d3 d6 4. Nc3 h6 5. Be2 Be7 6. O-O O-O 7. b3 Bg4 8. Bb2 c6
9. h3 Be6 10. d4 exd4 11. Nxd4 Bc8 12. Nf3 b5 13. e5 dxe5 14. Nxe5 Qxd1 15.
Raxd1 Bf5 16. Bd3 Bxd3 17. Rxd3 Na6 18. Nxc6 Bc5 19. Rfd1 Nb4 20. Nxb4 Bxb4 21.
Nd5 Nxd5 22. Rxd5 a6 23. R1d4 Be7 24. Rg4 f6 25. Rd7 Rf7 26. Re4 Bc5 27. Rxf7
Kxf7 28. b4 Be7 29. a3 Rd8 30. Kf1 f5 31. Rd4 Rxd4 32. Bxd4 Ke6 33. Bxg7 h5 34.
Ke2 Kf7 35. Be5 Ke6 36. f4 Kd5 37. Kd3 Bh4 38. Bg7 Bg3 39. Be5 Be1 40. c3 Bh4
41. Bd4 Bg3 42. Be5 Bh2 43. Bb8 Bg3 44. Be5 Bf2 45. Bf6 Bg3 46. Be5 1/2-1/2